Statistics for Simon Cowell Filmography

Click here to take the quiz!

General Stats

  • This quiz has been taken 3 times
  • The average score is 9 of 15

Answer Stats

TypeYearName% Correct
TV Show2001-2003Pop Idol
100%
TV Show2002-2010American Idol
100%
TV Show2004-2010, 2014-PresentThe X Factor (UK)
100%
TV Show2007-PresentBritain's Got Talent
100%
TV Show2011-2013The X Factor (America)
100%
TV Show2016-PresentAmerica's Got Talent
100%
Film2020Scoob!
100%
TV Show2004, 2010The Simpsons
50%
TV Show2019Britain's Got Talent: The Champions
50%
TV Show2019-2020America's Got Talent: The Champions
50%
TV Show2003-2020Ant & Dec's Saturday Night Takeaway
0%
TV Show2007, 2016Family Guy
0%
Short Film2013Comic Relief: Simon Cowell's Wedding
0%
Film2016Popstar: Never Stop Never Stopping
0%
TV Show2019The X Factor: The Band
0%

Score Distribution

Percentile by Number Answered

Percent of People with Each Score

Your Score History

You have not taken this quiz